00626caa a22001212a 4500001000900000003001100009008004300020100002700063245010700090300001600197500017700213773011400390 009027 AR-FADEU 311216n########xxu####################dd aGarcia, Michel Rowland aLa crisis de representatividad del régimen político ecuatoriano : una aproximación institucional aPP. 247-314 aEn: Representación política y democracia /comp. Carlota Jackisch. Buenos Aires : Ciedla. Centro Interdisciplinario de Estudios Sobre el Desarrollo Latinoamericano, 19980 014818abdBuenos Aireso14264tREPRESENTACION política y democraciaw( AR-FADEU) 009018xz950-9431-72-9